00603 a2200241 4500260001000000630011500010650003100125100002100156260001000177245002500187300001000212650001100222650001000233650001700243260000900260300001000269100000700279440002700286037001000313037001000323037001000333020001800343 aParis a91 - Geographie. Exploration de la terre, des diverses regions, des divers pays. Voyages. Geographie regionale a9 - GEOGRAPHIE ET HISTOIRE aPrévot, Victor bDunod aL'image de la cité a221 p aCité aVille aUrbanisation c1976 b21 cm lFr aAspects de l'ubarnisme aL5098 aL5099 aL5100 a2-04-000494-7